Vở bài tập toán 2

Vở bài tập toán 2 chủ yếu gồm các bài luyện tập, thực hành có cùng nội dung, mức độ như các bài tập trong sách giáo khoa toán 2. Nhằm đáp ứng nhu cầu phát triển năng lực toán của học sinh, bên cạnh đó sách còn giới thiệu một số dạng b...

תיאור מלא

שמור ב:
מידע ביבליוגרפי
מחבר ראשי: Đỗ, Đình Hoan
פורמט: ספר
שפה:Undetermined
יצא לאור: Hà Nội Giáo dục Việt Nam 2020
נושאים:
תגים: הוספת תג
אין תגיות, היה/י הראשונ/ה לתייג את הרשומה!
Thư viện lưu trữ: Trung tâm Học liệu Trường Đại học Cần Thơ
LEADER 01045nam a2200217Ia 4500
001 CTU_238892
008 210402s9999 xx 000 0 und d
020 |c 9000 
082 |a 372.7076 
082 |b H406/T.1 
100 |a Đỗ, Đình Hoan 
245 0 |a Vở bài tập toán 2 
245 0 |c Đỗ Đình Hoan (Chủ biên) 
260 |a Hà Nội 
260 |b Giáo dục Việt Nam 
260 |c 2020 
520 |a Vở bài tập toán 2 chủ yếu gồm các bài luyện tập, thực hành có cùng nội dung, mức độ như các bài tập trong sách giáo khoa toán 2. Nhằm đáp ứng nhu cầu phát triển năng lực toán của học sinh, bên cạnh đó sách còn giới thiệu một số dạng bài tập kiểu mới. 
650 |a Toán học,Mathematics 
650 |x Dạy và học (Tiểu học),Study and teachinh (Elementary) 
910 |b nthai 
980 |a Trung tâm Học liệu Trường Đại học Cần Thơ